00491nam a22001577a 450000500170000001000130001702000260003003500130005603700090006908200130007810000170009124500910010826000450019927000630024430000260030720210906122332.0 aB-741390 a9780195645835c325.00 aB-741390 bGift a954.0019 aNandy, Ashis aThe savage Freud and other essays on possible and retrievable selves /cby Ashis Nandy bOxford University PressaNew Delhic2011 aYMCA Library Building, 1 Jai Singh RoadbNew Delhie110001 axii, 275p.c21cm(pbk)